1581 1190 1017 1676 1322 1650 1104 1069 1864 1544 1873 1951 1057 1717 1614 1337 1703 1735 1943 1352 1443 1719 1325 1487 1919 1399 1398 1759 1189 1071 1132 1998 1936 1555 1142 1144 1909 1133 1652 1422 1652 1361 1171 1505 1596 1163 1986 1563 1893 1801 1024 1621 1810 1166 1375 1031 1410 1076 1513 1942 1159 1837 1264 1066 1517 1192 1813 1473 1567 1082 1228 1969 1507 1219 1627 1129 1264 1931 1365 1686 1864 1422 1691 1297 1535 1200 1494 1401 1213 1021 1781 1626 1116 1575 1552 1362 1138 1091 1679 BCNSPRNW ULIB Ver.6.0+V

เปลี่ยนเป็นภาษาไทย

Change to English
 แสดงรายละเอียดบรรณานุกรม
  กลับหน้าหลัก

Brief Record : Get Marc (ISO 2709) : E-mail record : QR code < ปิดหน้าต่าง
LEADER : 00000nam 2200000uu 4500
001    13399122202
003     ULIB
008    020711s|||| th a 000 0 tha d
245    บางกะโพ้ง
260     ^bม.ป.ท.,^cม.ป.ป.
945    ^p0^l0^i023163
รายการนี้ยังไม่มีแท็ก
คุณยังไม่ได้ล็อกอิน คุณสามารถมีกิจกรรมร่วมกับเว็บไซต์ได้ แต่ต้องล็อกอินก่อน ::
  ล็อกอิน

รายการสื่อสารสนเทศ

ลำดับที่ ประเภท เลขเรียก/บาร์โค้ด สถานที่ สถานะ
1. นวนิยาย
นวนิยาย
 ฉ.1 
  Barcode: 023163
ห้องสมุดวิทยาเขตสวรรค์ประชารักษ์
►นวนิยาย
บนชั้น
  ขอยืม

BibComment


ยังไม่เคยถูกคอมเมนท์

คอมเมนท์ทรัพยากรรายการนี้
  คอมเมนท์: บางกะโพ้ง


 Copyright 2026. Bcnsprnw @Library